| 000 | 00988nam a22002537a 4500 | ||
|---|---|---|---|
| 005 | 20240530110938.0 | ||
| 008 | 221019s2021 ua ah f b 000 0 ara d | ||
| 017 |
_a2021/17487 _bمصر. دار الكتب |
||
| 020 | _a9789773146160 | ||
| 040 |
_aEG-CaGPL _cEG-CaGPL |
||
| 082 | 0 | 4 |
_221 _a739.270288/ _bع ف |
| 100 | 0 | _aعبير غريب عبدالله ابراهيم | |
| 245 | 1 | 0 |
_aفن تشكيل المشغولات المعدنية وطرق علاجها من التاكل والصدأ / _cعبير غريب عبدالله ابراهيم |
| 250 | _aالاولى | ||
| 260 |
_aالقاهرة : _bمكتبة زهراء الشرق ، _c2021. |
||
| 300 |
_a164 ص. : _bايض ؛ _c24 سم. |
||
| 504 | _aيشتمل على ارجاعات ببليوجرافية | ||
| 650 | 0 | 7 |
_2qrmak _aالحلى |
| 650 | 0 | 7 |
_2qrmak _aااشغال المعادن |
| 650 | 0 | 7 |
_2qrmak _aالحلى _xصيانة |
| 651 | _2qrmak | ||
| 942 |
_2ddc _cBK |
||
| 999 |
_c66768 _d66768 |
||